| 000 | 00497nam a22001575i 4500 | ||
|---|---|---|---|
| 001 | 156776 | ||
| 003 | ES-MaACL | ||
| 005 | 20230906210508.0 | ||
| 008 | 010119s1885 sp |||| | spa d | ||
| 040 |
_aCAM _bspa _cCAM |
||
| 100 | 1 |
_aLaboulaye, Édouard ( _d1811-1883) _969262 |
|
| 245 | 1 | 0 |
_aParís en América / _cpor Eduardo Laboulaye. |
| 260 |
_aMadrid : _b[s.n.], _c1885 ( _fDionisio de los Ríos) |
||
| 300 |
_a2 v. (269 ; 245 p.) ; _c15 cm. |
||
| 852 |
_aES-MaACL _jG-3823-24 _z-- Enc. pasta |
||
| 999 |
_c156776 _d156776 |
||